000 00529nam a22001937a 4500
003 KOHA_MİRAKIL
005 20250424162730.0
008 250424b tu ||||| |||| 00| 0 tur d
020 _a9786256839748
040 _aTR-AnABB
_btur
_cTR-AnABB
041 _atur
082 _a089.94335
_bTOP 2024
100 1 _aTopçu, Nurettin,
245 1 0 _aVar olmak /
_cNurettin Topçu
260 _aİstanbul :
_bDergah Yayınları,
_c2024
300 _a145 sayfa ;
_c21 cm
650 0 4 _aTürk edebiyatı, roman
942 _2ddc
_cBK
999 _c8831
_d8831
900 _bGizem YORULMAZ